[Event "Tournoi Skype 028A"]
[Site "Skype"]
[Date "????.??.??"]
[Round "9.7"]
[White "Grosso, Raul"]
[Black "Dal, Ibrahim"]
[Result "0-1"]
[WhiteElo "1746"]
[BlackElo "1626"]
[PlyCount "80"]

1. Nf3 Nf6 2. d4 d5 3. e3 Bg4 4. Nbd2 e6 5. Bd3 c5 6. c3 c4 7. Bc2 b5 8. a3 a5
9. Qe2 Nbd7 10. e4 dxe4 11. Nxe4 Rc8 12. h3 Bxf3 13. Qxf3 Nxe4 14. Bxe4 Qb6 15.
Be3 Be7 16. Qg3 Nf6 17. Bf3 Kf8 18. O-O Nd5 19. Rfe1 Nxe3 20. Rxe3 Bd6 21. Qg4
Qc7 22. Qe4 g6 23. Rd1 Kg7 24. d5 e5 25. g4 f6 26. Kg2 b4 27. axb4 axb4 28. Ra1
bxc3 29. Rxc3 Bb4 30. Rc2 Rhf8 31. Rac1 f5 32. Qxc4 Qxc4 33. Rxc4 Rb8 34. Rc7+
Kg8 35. gxf5 gxf5 36. R1c2 e4 37. Be2 f4 38. Bc4 Bd6 39. b3 Kh8 40. Ra2 Bxc7
0-1

[Event "Tournoi Skype 028A"]
[Site "Skype"]
[Date "????.??.??"]
[Round "9.8"]
[White "Sanchez Ruiz, Justo"]
[Black "Rapaire, Jean-Michel"]
[Result "0-1"]
[WhiteElo "1547"]
[BlackElo "1742"]
[PlyCount "134"]

1. e4 d5 2. exd5 Qxd5 3. Nc3 Qd8 4. d4 Nf6 5. Bc4 Bg4 6. Nf3 e6 7. h3 Bh5 8. g4
Bg6 9. Ne5 Nbd7 10. Nxg6 hxg6 11. Bg5 Be7 12. Qf3 c6 13. O-O-O Nd5 14. Bxe7
Qxe7 15. Nxd5 cxd5 16. Bb3 Nb6 17. Qc3 Qd6 18. Kb1 Rc8 19. Qd2 Nc4 20. Qg5 Qe7
21. Qxe7+ Kxe7 22. Bxc4 Rxc4 23. h4 b5 24. f4 b4 25. Rh3 a5 26. b3 Rc7 27. Rdh1
Rhc8 28. R1h2 Rc3 29. h5 Rxh3 30. Rxh3 Rh8 31. Kb2 f5 32. gxf5 gxh5 33. fxe6
Kxe6 34. c4 bxc3+ 35. Kxc3 Kf5 36. Rh4 g6 37. Kd3 Re8 38. Rh1 Re4 39. Rf1 Rxf4
40. Rxf4+ Kxf4 41. a3 Kf3 42. b4 axb4 43. axb4 h4 44. b5 h3 45. b6 h2 46. b7
h1=Q 47. b8=Q Qd1+ 48. Kc3 Qc1+ 49. Kd3 Qc4+ 50. Kd2 Qxd4+ 51. Kc2 Qe4+ 52. Kd1
Qd3+ 53. Kc1 d4 54. Qf8+ Ke2 55. Qd6 Qe3+ 56. Kb2 g5 57. Qa6+ d3 58. Kb3 g4 59.
Kc3 g3 60. Qb5 g2 61. Qh5+ Qf3 62. Qe5+ Kf1 63. Qb5 g1=Q 64. Qb1+ Kg2 65. Qb2+
Qgf2 66. Qb1 Qc2+ 67. Kd4 Qxb1 0-1

[Event "Tournoi Skype 028A"]
[Site "Skype"]
[Date "????.??.??"]
[Round "9.9"]
[White "Sanchez Ruiz, Piedad Esmeralda"]
[Black "Altinok, Selim"]
[Result "1/2-1/2"]
[WhiteElo "1721"]
[BlackElo "1536"]
[PlyCount "59"]

1. e4 c6 2. d4 d5 3. exd5 cxd5 4. Bd3 Nc6 5. c3 Nf6 6. Bf4 Bg4 7. Qb3 Qc8 8.
Nd2 e6 9. Ngf3 Be7 10. O-O O-O 11. Ne5 Nxe5 12. dxe5 Nd7 13. Qc2 f5 14. exf6
Nxf6 15. Be5 Rf7 16. Nb3 Qd7 17. h3 Bf5 18. Nd4 Bxd3 19. Qxd3 Bd6 20. Rae1 Ne4
21. Nf3 Raf8 22. Bxd6 Rxf3 23. gxf3 Nxd6 24. Kh2 Rf6 25. Rg1 Qf7 26. Rg3 Nf5
27. Rg4 Nh6 28. Rg3 Nf5 29. Rg4 Nh6 30. Rg3 1/2-1/2

[Event "Tournoi Skype 028A"]
[Site "Skype"]
[Date "????.??.??"]
[Round "9.11"]
[White "Zequeda, Javier"]
[Black "Silvestre Da Silva, Sidnei"]
[Result "1/2-1/2"]
[WhiteElo "1183"]
[BlackElo "1566"]
[PlyCount "126"]

1. e4 e5 2. Nf3 d6 3. Bc4 Be7 4. d4 exd4 5. Qxd4 Bf6 6. Qd5 Qe7 7. O-O c6 8.
Qd1 Bg4 9. Re1 Bxf3 10. Qxf3 Nd7 11. c3 Ne5 12. Qe2 Qc7 13. Bb3 Ne7 14. Be3 O-O
15. Bd4 c5 16. Be3 N7c6 17. Na3 a6 18. Rad1 Rad8 19. f4 Ng6 20. Nc4 b5 21. Nd2
c4 22. Bc2 Rfe8 23. Nf3 Nge7 24. b3 cxb3 25. axb3 Bxc3 26. Rf1 d5 27. e5 Ng6
28. Bxg6 hxg6 29. Qd3 Ba5 30. Ra1 Bb6 31. Rxa6 Bxe3+ 32. Qxe3 d4 33. Qd2 Nb8
34. Ra5 Qb6 35. Kh1 Nc6 36. Ra2 Ra8 37. Rb2 b4 38. Rc1 Ra3 39. Qd3 Rea8 40. h3
Ra1 41. Rxa1 Rxa1+ 42. Kh2 Rc1 43. Rc2 Rxc2 44. Qxc2 Qb5 45. Ne1 Qd5 46. Nd3
Na5 47. Nxb4 Qxb3 48. Qxb3 Nxb3 49. Nd3 Kf8 50. Kg3 Ke7 51. Kf3 Ke6 52. Ke4 f5+
53. exf6 gxf6 54. g4 f5+ 55. gxf5+ gxf5+ 56. Kf3 Nd2+ 57. Ke2 Ne4 58. h4 Kf6
59. Kf3 Kg6 60. Kg2 Kh5 61. Kh3 Nd2 62. Ne5 Ne4 63. Nd3 Nd2 1/2-1/2

[Event "Tournoi Skype 028A"]
[Site "Skype"]
[Date "????.??.??"]
[Round "9.12"]
[White "Casey, Eamonn"]
[Black "Hilton, Stephen"]
[Result "0-1"]
[WhiteElo "1538"]
[BlackElo "1865"]
[PlyCount "56"]

1. d4 Nf6 2. c4 g6 3. Nc3 d5 4. cxd5 Nxd5 5. e4 Nxc3 6. bxc3 Bg7 7. Bc4 O-O 8.
Ne2 c5 9. O-O cxd4 10. cxd4 Nc6 11. Be3 b6 12. Rc1 Bb7 13. Qd2 Rc8 14. Rfd1 Re8
15. e5 a6 16. e6 f5 17. d5 Na5 18. Bb3 Nxb3 19. axb3 Qd6 20. Bf4 Be5 21. Bxe5
Qxe5 22. Nc3 Red8 23. Qd4 Qxd4 24. Rxd4 Bxd5 25. Rb4 b5 26. Ne2 Rxc1+ 27. Nxc1
Bxe6 28. Ne2 Rd1# 0-1

[Event "Tournoi Skype 028A"]
[Site "Skype"]
[Date "????.??.??"]
[Round "9.13"]
[White "Elias, Roberto"]
[Black "Garcia Diaz, Jose"]
[Result "1/2-1/2"]
[WhiteElo "1782"]
[BlackElo "1513"]
[PlyCount "56"]

1. c4 c5 2. Nc3 Nc6 3. Nf3 Nf6 4. d3 e6 5. Bg5 Be7 6. e4 O-O 7. h3 d5 8. cxd5
exd5 9. e5 Nd7 10. Bxe7 Qxe7 11. Nxd5 Qd8 12. d4 cxd4 13. Nxd4 Qa5+ 14. Nc3
Qxe5+ 15. Nde2 Nc5 16. Qd5 Qxd5 17. Nxd5 Nd3+ 18. Kd2 Nxb2 19. Nec3 Rd8 20. Kc2
Na4 21. Nc7 Nd4+ 22. Kd2 Nb5+ 23. Kc2 Bf5+ 24. Kb3 Nbxc3 25. Nxa8 Rxa8 26. g4
Be6+ 27. Ka3 a6 28. Bg2 Rb8 1/2-1/2

[Event "Tournoi Skype 028A"]
[Site "Skype"]
[Date "????.??.??"]
[Round "9.14"]
[White "Lopez, Jose Luis"]
[Black "Engstrom, Olle"]
[Result "1-0"]
[WhiteElo "1757"]
[BlackElo "1463"]
[PlyCount "59"]

1. d4 Nf6 2. Bf4 c5 3. e3 Qb6 4. Na3 d5 5. Nb5 Na6 6. a4 Qa5+ 7. c3 c4 8. Nf3
Bd7 9. b3 cxb3 10. Qxb3 Rc8 11. Ne5 e6 12. Nxd7 Kxd7 13. Bd3 Be7 14. O-O Nc7
15. Nxc7 Rxc7 16. Bxc7 Qxc7 17. c4 Rc8 18. Rfc1 b6 19. Rc2 Bd6 20. cxd5 Bxh2+
21. Kh1 Qd6 22. dxe6+ fxe6 23. Rxc8 Kxc8 24. Rc1+ Kd8 25. Qc2 Ng4 26. g3 Qd5+
27. e4 Qh5 28. Qc8+ Ke7 29. Rc7+ Kf6 30. Qf8+ 1-0

[Event "Tournoi Skype 028A"]
[Site "Skype"]
[Date "????.??.??"]
[Round "9.15"]
[White "Yeter, Orhan"]
[Black "Calcino, Luis"]
[Result "1/2-1/2"]
[WhiteElo "1245"]
[BlackElo "1706"]
[PlyCount "112"]

1. e4 g6 2. d4 Bg7 3. Be3 d6 4. Nc3 c6 5. Bc4 Nf6 6. f3 e6 7. Qd2 d5 8. Bd3
dxe4 9. Nxe4 Nd5 10. Bf2 h5 11. Ne2 Na6 12. Bxa6 bxa6 13. O-O h4 14. c4 Nb6 15.
c5 Nd5 16. Nd6+ Kf8 17. f4 a5 18. Nc3 Ne7 19. Nce4 Ba6 20. Rfe1 Nc8 21. Nxc8
Rxc8 22. Nd6 Rb8 23. Re4 Rb4 24. a3 Rb3 25. Re3 a4 26. Rxb3 axb3 27. Re1 Qb8
28. Qe3 Bc8 29. Qf3 Bd7 30. Qc3 Bf6 31. Re3 Be7 32. Qxb3 Bxd6 33. cxd6 Qxd6 34.
Qb4 Qxb4 35. axb4 a6 36. Ra3 Bc8 37. Rc3 Bb7 38. Rh3 Kg7 39. Bxh4 Rh5 40. g4
Rd5 41. Rd3 a5 42. bxa5 Rxa5 43. Ra3 Rb5 44. Ra2 c5 45. dxc5 Rxc5 46. Ra1 Rc2
47. Bf2 e5 48. fxe5 Rxb2 49. e6 Re2 50. exf7 Kxf7 51. Ra7 Re7 52. h4 Bf3 53.
Rxe7+ Kxe7 54. g5 Ke6 55. Kh2 Kf5 56. Kg3 Bd1 1/2-1/2

[Event "Tournoi Skype 028A"]
[Site "Skype"]
[Date "????.??.??"]
[Round "9.16"]
[White "Quintero Gemio, Antonio Joaquin"]
[Black "Couto, Januario"]
[Result "1/2-1/2"]
[WhiteElo "1673"]
[BlackElo "1387"]
[PlyCount "46"]

1. d4 f5 2. c4 Nf6 3. Nc3 g6 4. g3 Bg7 5. Bg2 O-O 6. Nf3 d6 7. O-O c6 8. d5 e5
9. dxe6 Bxe6 10. Ng5 Bxc4 11. Re1 Re8 12. Bf4 h6 13. Nf3 Bf8 14. Qc1 g5 15.
Bxg5 hxg5 16. Qxg5+ Bg7 17. Qxf5 Be6 18. Qc2 d5 19. e3 Nbd7 20. Rad1 Nc5 21.
Ng5 Bh6 22. Qg6+ Bg7 23. Nxe6 Nxe6 1/2-1/2

[Event "Tournoi Skype 028A"]
[Site "Skype"]
[Date "????.??.??"]
[Round "9.17"]
[White "Vello, Pablo"]
[Black "Calderon, Francisco"]
[Result "1/2-1/2"]
[WhiteElo "1135"]
[BlackElo "1604"]
[PlyCount "101"]

1. d4 d5 2. Nc3 Bf5 3. Bf4 e6 4. f3 Nf6 5. g4 Bg6 6. h4 h5 7. g5 Nfd7 8. e3 f6
9. Bd3 f5 10. Qd2 Nc6 11. Qh2 Rc8 12. O-O-O a6 13. Nge2 b5 14. e4 Nb6 15. exd5
exd5 16. a3 Nc4 17. Bxc4 bxc4 18. Rhe1 Be7 19. Ng3 O-O 20. Re6 Be8 21. Ree1 g6
22. Qe2 Rf7 23. Qe6 Kg7 24. Be5+ Nxe5 25. Qxe5+ Kh7 26. Qxd5 Bd6 27. Nge2 c6
28. Qxc4 Rcc7 29. Na4 Rfe7 30. Nc5 Bf7 31. Qd3 Bxc5 32. dxc5 Rcd7 33. Nd4 Rxe1
34. Rxe1 Rxd4 35. Qxa6 Rxh4 36. Qxc6 Qxg5+ 37. Kb1 Rd4 38. Qc7 Kg7 39. c6 Qd2
40. Rc1 Kf6 41. Qc8 Ba2+ 42. Kxa2 Qxc1 43. Qh8+ Ke6 44. Qxd4 Qxc2 45. Qd7+ Ke5
46. c7 Qc4+ 47. Ka1 Qc1+ 48. Ka2 Qc4+ 49. Ka1 Qc1+ 50. Ka2 Qc4+ 51. Kb1 1/2-1/2

[Event "Tournoi Skype 028A"]
[Site "Skype"]
[Date "????.??.??"]
[Round "9.19"]
[White "Gadow, Martin"]
[Black "Legueltel, Daniel"]
[Result "1-0"]
[WhiteElo "1521"]
[BlackElo "1753"]
[PlyCount "65"]

1. d4 d5 2. Nf3 Nf6 3. c4 e6 4. Nc3 Be7 5. e3 O-O 6. Bd3 Nbd7 7. cxd5 exd5 8.
O-O c5 9. dxc5 Nxc5 10. Be2 Be6 11. Nb5 a6 12. Nbd4 Rc8 13. b4 Nce4 14. Bb2 b5
15. a3 Nc3 16. Qd3 Nxe2+ 17. Qxe2 Bg4 18. Qd3 Bxf3 19. Nxf3 Rc7 20. Rac1 Rxc1
21. Rxc1 Qd7 22. Ne5 Qe6 23. Rc6 Bd6 24. f4 Rd8 25. h3 Qe8 26. Rxa6 Bxe5 27.
Bxe5 Nd7 28. Bd4 Nb8 29. Rb6 Nc6 30. Bc5 Ra8 31. Qxd5 Nxb4 32. axb4 Ra1+ 33.
Kh2 1-0

[Event "Tournoi Skype 028A"]
[Site "Skype"]
[Date "????.??.??"]
[Round "9.20"]
[White "Saponara, Jose Maria"]
[Black "Knafo, Michel"]
[Result "1/2-1/2"]
[WhiteElo "1524"]
[BlackElo "1658"]
[PlyCount "62"]

1. e4 d5 2. exd5 Nf6 3. Nf3 Qxd5 4. Nc3 Qh5 5. Be2 Bg4 6. d3 Nc6 7. Be3 O-O-O
8. h3 e5 9. Ng5 Bxe2 10. Qxe2 Qxe2+ 11. Kxe2 Rd7 12. a3 h6 13. Nge4 Nxe4 14.
dxe4 Nd4+ 15. Bxd4 Rxd4 16. Rhd1 Bc5 17. f3 Rhd8 18. b4 Rxd1 19. Rxd1 Rxd1 20.
Nxd1 Bd6 21. Ne3 Kd7 22. c4 b6 23. Nf5 Bf8 24. Kd3 Kc6 25. g4 Kd7 26. h4 Ke6
27. Ne3 c6 28. Ke2 g6 29. Kf2 a5 30. Nc2 axb4 31. axb4 f5 1/2-1/2

[Event "Tournoi Skype 028A"]
[Site "Skype"]
[Date "????.??.??"]
[Round "9.21"]
[White "Thoune, Jim"]
[Black "Leyton Calderon, Jairo Oswaldo"]
[Result "0-1"]
[WhiteElo "1598"]
[BlackElo "1526"]
[PlyCount "57"]

1. Nf3 Nf6 2. d4 g6 3. c4 Bg7 4. Nc3 O-O 5. e4 d6 6. h3 a5 7. Bg5 h6 8. Be3 e5
9. d5 Na6 10. Qd2 Kh7 11. Rd1 Bd7 12. Bd3 Qe7 13. O-O Nh5 14. Ne2 f5 15. Qc1 f4
16. Bd2 Nc5 17. Bb1 b6 18. Kh1 g5 19. Qc3 g4 20. hxg4 Bxg4 21. Neg1 Rf7 22.
Rde1 Rg8 23. Bc2 Bf6 24. Nh2 Rfg7 25. Nxg4 Rxg4 26. Qh3 Rh4 27. Nf3 Rxh3+ 28.
gxh3 Bh4 29. Re2 0-1

[Event "Tournoi Skype 028A"]
[Site "Skype"]
[Date "????.??.??"]
[Round "9.22"]
[White "Karia, Vijay"]
[Black "Grib, Johannes"]
[Result "1-0"]
[WhiteElo "1482"]
[BlackElo "1542"]
[PlyCount "45"]

1. e4 Nf6 2. Nc3 d6 3. Bc4 e6 4. Nf3 h6 5. O-O Be7 6. d4 d5 7. exd5 exd5 8. Bb3
c6 9. Ne5 Nbd7 10. f4 O-O 11. Qf3 Nb6 12. f5 a5 13. a3 a4 14. Ba2 Qc7 15. Qg3
Bd6 16. Bxh6 Nh5 17. Qg4 Bxe5 18. dxe5 Nc4 19. Qxh5 Qb6+ 20. Kh1 Nxe5 21. Bxg7
Kxg7 22. f6+ Kg8 23. Qh6 1-0

[Event "Tournoi Skype 028A"]
[Site "Skype"]
[Date "????.??.??"]
[Round "9.23"]
[White "Khetre, Gaurav"]
[Black "Chavero, Victor"]
[Result "1-0"]
[WhiteElo "1540"]
[BlackElo "1283"]
[PlyCount "77"]

1. e4 e6 2. Nf3 Bc5 3. d4 Bb6 4. c4 c5 5. d5 d6 6. Bd3 Ne7 7. O-O O-O 8. Nc3 e5
9. Be3 Nd7 10. Qd2 Nf6 11. h3 Ng6 12. Ne2 Bd7 13. Bg5 Ba5 14. Qe3 Qb6 15. Rab1
Ne8 16. Qc1 f6 17. Be3 f5 18. exf5 Bxf5 19. Bxf5 Rxf5 20. Ng3 Rf6 21. a3 Qc7
22. Ne4 Rf7 23. Nfg5 Re7 24. b4 Bb6 25. Rd1 Rd8 26. Ne6 Qc8 27. Nxd8 Qxd8 28.
bxc5 Bc7 29. Rxb7 Qc8 30. cxd6 Nxd6 31. Nxd6 Qd7 32. c5 Nf4 33. Bxf4 exf4 34.
Qxf4 Re2 35. Rxa7 Bxd6 36. Ra8+ Re8 37. Rxe8+ Qxe8 38. Qxd6 h6 39. Qe6+ 1-0

[Event "Tournoi Skype 028A"]
[Site "Skype"]
[Date "????.??.??"]
[Round "9.24"]
[White "Zenini, Simone"]
[Black "Mishra, Sourabh"]
[Result "0-1"]
[WhiteElo "1489"]
[BlackElo "1610"]
[PlyCount "80"]

1. e4 c5 2. Nf3 d6 3. d4 cxd4 4. Qxd4 Nc6 5. Bb5 Bd7 6. Bxc6 Bxc6 7. O-O Nf6 8.
Nc3 g6 9. Qd3 a6 10. Rd1 Bg7 11. e5 dxe5 12. Qxd8+ Rxd8 13. Rxd8+ Kxd8 14. Nxe5
Ke8 15. Nxc6 bxc6 16. Na4 e6 17. Bf4 Nd5 18. Bc1 Ke7 19. c3 Rf8 20. Bg5+ f6 21.
Bh4 g5 22. Bg3 h5 23. f3 f5 24. Nc5 f4 25. Bf2 a5 26. Re1 e5 27. h4 g4 28. Nb7
Rb8 29. Bc5+ Ke6 30. Nxa5 Rxb2 31. Nxc6 Rxa2 32. Bd4 g3 33. Nxe5 Bxe5 34. Rxe5+
Kd6 35. Re1 Rc2 36. Be5+ Kc6 37. Kf1 Ne3+ 38. Kg1 Nxg2 39. Re4 Nxh4 40. Rxf4
Rc1# 0-1

[Event "Tournoi Skype 028A"]
[Site "Skype"]
[Date "????.??.??"]
[Round "9.25"]
[White "Lucena Vaz, Jose"]
[Black "Mitrani, Alberto"]
[Result "1/2-1/2"]
[WhiteElo "1674"]
[BlackElo "1482"]
[PlyCount "80"]

1. e4 d6 2. d4 Nf6 3. Nc3 g6 4. g3 Bg7 5. Bg2 c6 6. Nf3 O-O 7. O-O Nbd7 8. Bf4
e5 9. dxe5 dxe5 10. Bg5 Qb6 11. Rb1 Rd8 12. Qe2 h6 13. Be3 Qc7 14. Rbd1 Ng4 15.
Bd2 f5 16. Qc4+ Kh8 17. Nd5 Nb6 18. Nxc7 Nxc4 19. Nxa8 fxe4 20. Nh4 Nxd2 21.
Nxg6+ Kg8 22. Ne7+ Kf7 23. Nxc8 Rxc8 24. Nb6 axb6 25. Rxd2 Ke6 26. Bxe4 Rf8 27.
h3 Nf6 28. f3 Nd5 29. Bxd5+ cxd5 30. Kg2 Rd8 31. c3 Rd6 32. Rfd1 b5 33. a3 d4
34. cxd4 exd4 35. Rd3 Kd5 36. b3 Re6 37. Kf2 Rc6 38. Ke2 Rc2+ 39. R1d2 Rc6 40.
Kf2 Ra6 1/2-1/2

[Event "Tournoi Skype 028A"]
[Site "Skype"]
[Date "????.??.??"]
[Round "9.27"]
[White "Alvarez, Juan Evangelista"]
[Black "Gokcek, Cagri"]
[Result "1-0"]
[WhiteElo "1575"]
[BlackElo "1320"]
[PlyCount "64"]

1. c4 Nf6 2. g3 g6 3. Bg2 Bg7 4. Nf3 d6 5. Nc3 e5 6. d3 Nc6 7. O-O O-O 8. Rb1
a5 9. a3 Bg4 10. Nd2 Nd4 11. Bxb7 Rb8 12. Bg2 Qd7 13. b4 axb4 14. axb4 Bh3 15.
e3 Bxg2 16. Kxg2 Nf5 17. b5 Bh6 18. Nf3 c5 19. h3 Rfe8 20. g4 e4 21. dxe4 Nxe4
22. Nxe4 Rxe4 23. gxf5 g5 24. Qd5 Ree8 25. f6 g4 26. Nh4 gxh3+ 27. Kh2 Re5 28.
Qf3 Kh8 29. Qxh3 Qxh3+ 30. Kxh3 Rg8 31. f4 Rh5 32. b6 Rb8 1-0

[Event "Tournoi Skype 028A"]
[Site "Skype"]
[Date "????.??.??"]
[Round "9.28"]
[White "Galani, Mahendra"]
[Black "Perrone, Gabriel Lorenzo"]
[Result "1-0"]
[WhiteElo "1526"]
[BlackElo "1377"]
[PlyCount "73"]

1. e4 c6 2. c3 d5 3. exd5 cxd5 4. Nf3 Nf6 5. d4 Nc6 6. Qa4 Bd7 7. b4 a6 8. Qb3
e6 9. Bf4 Be7 10. Be2 O-O 11. O-O Rc8 12. Nbd2 Nh5 13. Be3 Bd6 14. a3 Nf6 15.
c4 dxc4 16. Nxc4 Bc7 17. Nce5 Nxe5 18. dxe5 Nd5 19. Bd4 Ne7 20. b5 Bb6 21. bxa6
Bxd4 22. Nxd4 Nc6 23. Nf3 Rb8 24. Qe3 Qa5 25. axb7 Rxb7 26. Rfd1 Rd8 27. a4 Ne7
28. Bb5 Nd5 29. Qg5 Nc3 30. Rdc1 h6 31. Qh4 Nxb5 32. axb5 Qxb5 33. Qxd8+ Kh7
34. Qh4 Rb8 35. Ng5+ Kg8 36. Nf3 Bc6 37. Nd4 1-0

[Event "Tournoi Skype 028A"]
[Site "Skype"]
[Date "????.??.??"]
[Round "9.29"]
[White "Abate, Leonardo"]
[Black "Vilas Boas, Crisolon Terto"]
[Result "1/2-1/2"]
[WhiteElo "1342"]
[BlackElo "1488"]
[PlyCount "105"]

1. e4 c6 2. d4 e6 3. Nf3 b5 4. Be2 Na6 5. a3 Ne7 6. Nbd2 g6 7. c4 bxc4 8. Nxc4
Ng8 9. Bf4 Nc7 10. Rc1 Ba6 11. O-O Rb8 12. Qd2 Bxc4 13. Bxc4 Ne7 14. Be5 Rg8
15. Ng5 h5 16. Nxf7 Kxf7 17. Qf4+ Ke8 18. Bxc7 g5 19. Bxd8 gxf4 20. Ba5 h4 21.
b4 f3 22. g3 hxg3 23. fxg3 Bg7 24. Rxf3 Bxd4+ 25. Kg2 Ng6 26. Kh1 Ne5 27. Rff1
Nxc4 28. Rxc4 Be5 29. a4 Ke7 30. b5 cxb5 31. axb5 Rxb5 32. Bc7 Bxc7 33. Rxc7 a5
34. Ra7 Rgg5 35. Rd1 Rgc5 36. Raxd7+ Kf6 37. h4 a4 38. Rf1+ Ke5 39. h5 Kxe4 40.
h6 Rh5+ 41. Kg2 Rxh6 42. Rf4+ Ke5 43. Rxa4 Rg6 44. Rd2 Rd5 45. Re2+ Kf6 46. Ra6
Kf7 47. Rf2+ Rf5 48. Rxf5+ exf5 49. Rxg6 Kxg6 50. Kf3 Kg5 51. Kg2 Kg4 52. Kf2
Kh3 53. Kf3 1/2-1/2

[Event "Tournoi Skype 028A"]
[Site "Skype"]
[Date "????.??.??"]
[Round "9.30"]
[White "Lovell, Stan"]
[Black "L'Herbon De Lussats, Jean"]
[Result "1/2-1/2"]
[WhiteElo "1651"]
[BlackElo "1272"]
[PlyCount "98"]

1. e4 c5 2. Nc3 d6 3. f4 Nc6 4. Bb5 a6 5. Bxc6+ bxc6 6. Nf3 Qc7 7. d3 e5 8. O-O
g6 9. Be3 Bg7 10. fxe5 dxe5 11. Bxc5 Ne7 12. Ng5 O-O 13. Qf3 f5 14. exf5 Bxf5
15. Nce4 h6 16. Bxe7 Qxe7 17. Nh3 g5 18. Qe2 Rf7 19. Nhf2 Qa7 20. Kh1 Raf8 21.
Ng3 Bg6 22. Nfe4 c5 23. Rxf7 Rxf7 24. Rf1 Qb6 25. Rxf7 Bxf7 26. b3 a5 27. Nf5
Bf8 28. Nd2 a4 29. h3 axb3 30. axb3 Qb4 31. Nf3 e4 32. Qxe4 Qc3 33. Qe2 Qa1+
34. Kh2 Qa2 35. Qd2 Be6 36. Ne3 Bd6+ 37. g3 Kh7 38. Nc4 Bc7 39. Qc1 Qa6 40. Qb2
Bxc4 41. dxc4 Qd6 42. Qc3 Qxg3+ 43. Kh1 Qxh3+ 44. Kg1 Qg3+ 45. Kf1 Qh3+ 46. Ke1
Bg3+ 47. Ke2 Qg2+ 48. Kd1 Qf1+ 49. Ne1 Bxe1 1/2-1/2

[Event "Tournoi Skype 028A"]
[Site "Skype"]
[Date "????.??.??"]
[Round "9.32"]
[White "Hurtado De Mendoza, Ramon Miguel"]
[Black "Pasasin, Alejandro"]
[Result "1-0"]
[WhiteElo "1549"]
[BlackElo "1329"]
[PlyCount "83"]

1. e4 c5 2. Nf3 d6 3. Nc3 Nf6 4. d4 cxd4 5. Nxd4 e5 6. Nb3 Be6 7. Bb5+ Nbd7 8.
Qe2 a6 9. Bc4 b5 10. Bxe6 fxe6 11. a3 Be7 12. Be3 Qc7 13. O-O O-O 14. f3 Nh5
15. g3 h6 16. Nc1 Qd8 17. Nd3 Rc8 18. Rac1 Bg5 19. Nd1 Bxe3+ 20. Nxe3 Qg5 21.
Ng2 Ndf6 22. c3 Rf7 23. Nf2 Rcf8 24. c4 Nxg3 25. hxg3 Qxg3 26. cxb5 axb5 27.
Nh1 Qh3 28. Rc3 Qh5 29. Nf2 g5 30. Ne3 Qg6 31. Kg2 h5 32. Rg1 Rg7 33. Kf1 Nxe4
34. fxe4 Qxe4 35. Qxh5 Qb1+ 36. Qd1 Qxb2 37. Qc2 Qa1+ 38. Kg2 Qxg1+ 39. Kxg1
Rgf7 40. Qg6+ Kh8 41. Neg4 Rg7 42. Rh3+ 1-0

[Event "Tournoi Skype 028A"]
[Site "Skype"]
[Date "????.??.??"]
[Round "9.34"]
[White "Gharbi, Said"]
[Black "Ortiz, Vladimir"]
[Result "0-1"]
[WhiteElo "1456"]
[BlackElo "1419"]
[PlyCount "72"]

1. e4 c5 2. c3 e6 3. d4 cxd4 4. cxd4 Bb4+ 5. Bd2 Bxd2+ 6. Qxd2 Nc6 7. Nf3 d5 8.
e5 Nge7 9. Bd3 Bd7 10. O-O Qb6 11. Qc3 Nb4 12. Rd1 Nxd3 13. Rxd3 Rc8 14. Qd2
Bb5 15. Rb3 Qc6 16. Nc3 Bc4 17. Ra3 a6 18. Na4 O-O 19. Rc1 Qe8 20. b3 Bb5 21.
Rxc8 Qxc8 22. Nc5 b6 23. Na4 Bxa4 24. Rxa4 a5 25. h3 h6 26. b4 Qc4 27. a3 Rc8
28. Kh2 Nc6 29. Ne1 Nxd4 30. Nd3 Qb5 31. Qd1 Nc2 32. Nb2 d4 33. f4 Rc3 34. Qd2
Ne3 35. Kg1 Qf1+ 36. Kh2 Rc2 0-1

[Event "Tournoi Skype 028A"]
[Site "Skype"]
[Date "????.??.??"]
[Round "9.35"]
[White "Mantelli, Luca"]
[Black "Aceituno, Stebe"]
[Result "0-1"]
[WhiteElo "1370"]
[BlackElo "1400"]
[PlyCount "70"]

1. e4 c5 2. Nf3 Nc6 3. d4 cxd4 4. Nxd4 g6 5. Bc4 Bg7 6. Be3 Nf6 7. Nc3 O-O 8.
f3 d6 9. Qd2 Ne5 10. Bb3 a6 11. O-O-O Qc7 12. Bh6 Nc4 13. Qf4 e5 14. Qg5 exd4
15. Rxd4 Ne5 16. h4 Nh5 17. g4 Nxf3 18. Qf4 Nxd4 19. gxh5 Nxb3+ 20. axb3 Bxh6
21. Qxh6 Be6 22. hxg6 fxg6 23. h5 Bf7 24. Nd5 Bxd5 25. hxg6 Qg7 26. Qh2 Bxe4
27. gxh7+ Kh8 28. Rg1 Qxh7 29. Qxd6 Rf7 30. Qe5+ Rg7 31. Rxg7 Qxg7 32. Qxe4
Qg5+ 33. Kb1 Rd8 34. Qxb7 Rd1+ 35. Ka2 Qa5# 0-1

[Event "Tournoi Skype 028A"]
[Site "Skype"]
[Date "????.??.??"]
[Round "9.36"]
[White "Ramirez Reina, Orlando"]
[Black "Sauvaget, Joel"]
[Result "1-0"]
[WhiteElo "1385"]
[BlackElo "1290"]
[PlyCount "53"]

1. d4 d5 2. Bf4 Nf6 3. e3 c6 4. c3 e6 5. Bd3 h6 6. Nf3 Bd6 7. Bg3 Bxg3 8. hxg3
Nbd7 9. Nbd2 O-O 10. Ne5 Nxe5 11. dxe5 Nd7 12. Nf3 a6 13. Qc2 Re8 14. g4 Nf8
15. g5 hxg5 16. Bh7+ Kh8 17. Bg6+ Kg8 18. Bh7+ Kh8 19. O-O-O g6 20. Bxg6+ Kg7
21. Bxf7 Kxf7 22. Rh7+ Kg8 23. Rdh1 Re7 24. Rh8+ Kf7 25. Nxg5+ Ke8 26. Rxf8+
Kxf8 27. Rh8+ 1-0